[Event "The Barroom Brawl"]
[Site "SchemingMind.com"]
[Date "2014.03.12"]
[Round "-"]
[White "Derek Price"]
[Black "SAMAEL"]
[Result "1-0"]
[WhiteCountry "ENG"]
[BlackCountry "CAN"]
[WhiteElo "2365"]
[WhiteRD "81"]
[BlackElo "1720"]
[BlackRD "55"]
[GameID "349129"]

1. d4 d5 2. c4 e6 3. Nc3 Nf6 4. cxd5 Nxd5 5. Nf3 Be7 6. e3 Nxc3 7. bxc3 c5 8. Bd3 Nc6 9. O-O O-O 10. Qe2 a6
11. Rd1 Qc7 12. Bb2 Bd7 13. a4 a5 14. Ba3 b6 15. Qc2 g6 16. Qb3 cxd4 17. Bxe7 Nxe7 18. cxd4 Rfc8 19. Ne5 Be8 20. Be4 Rab8
21. Qa3 Qd8 22. Rdc1 f6 23. Nd3 Bc6 24. Bxc6 Nxc6 25. Nf4 Kf7 26. Qb3 Qd6 27. Nxe6 Ke7 28. d5 Qb4 29. Qd1 Nd8 30. Nc7 Qd6
31. Nb5 Qd7 32. Rc7
1-0

[Event "The Barroom Brawl"]
[Site "SchemingMind.com"]
[Date "2014.03.12"]
[Round "-"]
[White "SAMAEL"]
[Black "Derek Price"]
[Result "0-1"]
[WhiteCountry "CAN"]
[BlackCountry "ENG"]
[WhiteElo "1720"]
[WhiteRD "55"]
[BlackElo "2365"]
[BlackRD "81"]
[GameID "349130"]

1. e4 c5 2. c4 Nc6 3. Nc3 g6 4. d3 Bg7 5. Bd2 e6 6. Nf3 Nge7 7. Be2 O-O 8. O-O d6 9. a3 Nd4 10. h3 Nec6
11. Re1 Bd7 12. Bf1 Nxf3+ 13. Qxf3 Nd4 14. Qd1 Bc6 15. f3 Qh4 16. Rb1 Be5 17. Ne2 Nxe2+ 18. Bxe2 Qg3 19. f4 Bxf4 20. Bxf4 Qxf4
21. Rf1 Qe3+ 22. Kh1 f5 23. exf5 Qxh3+
0-1

[Event "The Barroom Brawl"]
[Site "SchemingMind.com"]
[Date "2014.03.12"]
[Round "-"]
[White "Phillip Beckett"]
[Black "SAMAEL"]
[Result "0-1"]
[WhiteCountry "ENG"]
[BlackCountry "CAN"]
[WhiteElo "1560"]
[WhiteRD "47"]
[BlackElo "1752"]
[BlackRD "56"]
[GameID "349131"]

1. d4 d5 2. e3 Nf6 3. Bd3 e6 4. Nd2 c5 5. c3 Nc6 6. f4 Be7 7. Ngf3 O-O 8. O-O Bd7 9. Ne5 h6 10. Ndf3 Rc8
11. Qe1 Nh7 12. Nxd7 Qxd7 13. Ne5 Nxe5 14. fxe5 c4 15. Bc2 f5 16. exf6 Nxf6 17. e4 Nh7 18. Rxf8+ Rxf8 19. exd5 exd5 20. Be3 Bf6
21. Qd2 g5 22. Rf1 Qg7 23. Bf2 Bd8 24. Be3 Rxf1+ 25. Kxf1 Bc7 26. g3 Nf6 27. Kg2 Ng4 28. Bg1 a5 29. h3 Nf6 30. Qe2 Kf8
31. Qe6 b6 32. Qc8+ Ne8 33. Ba4 Qe7 34. Qxe8+ Qxe8 35. Bxe8 Kxe8 36. Kf3 Ke7 37. h4 Kf6 38. hxg5+ hxg5 39. Be3 Kf5 40. g4+ Kf6
41. b3 cxb3 42. axb3 b5 43. Bd2 Bf4 44. Be1 a4 45. c4 dxc4 46. bxc4 bxc4 47. Ke4 a3 48. Bc3 Ke6 49. d5+ Kd7 50. Kd4 Bc1
51. Kxc4 Bb2
0-1

[Event "The Barroom Brawl"]
[Site "SchemingMind.com"]
[Date "2014.03.12"]
[Round "-"]
[White "SAMAEL"]
[Black "Phillip Beckett"]
[Result "1-0"]
[WhiteCountry "CAN"]
[BlackCountry "ENG"]
[WhiteElo "1720"]
[WhiteRD "55"]
[BlackElo "1562"]
[BlackRD "48"]
[GameID "349132"]

1. d4 e5 2. dxe5 Nc6 3. Nf3 Qe7 4. e3 Qb4+ 5. Qd2 Qc5 6. a3 Nxe5 7. Nxe5 Qxe5 8. Qd4 Qxd4 9. exd4 Be7 10. c4 Nf6
11. Nc3 c6 12. Be2 O-O 13. O-O d6 14. h3 Bf5 15. Be3 Ne4 16. Nxe4 Bxe4 17. Rfe1 Bf6 18. Rad1 d5 19. c5 g6 20. f3 Bc2
21. Rc1 Bf5 22. b4 Rfe8 23. Bf2 Bg7 24. g4 Bd7 25. Kf1 a5 26. Red1 axb4 27. axb4 Ra2 28. Bd3 Rea8 29. Rb1 h5 30. Ke1 hxg4
31. hxg4 Re8+ 32. Kf1 f5 33. gxf5 gxf5 34. Re1 Rxe1+ 35. Kxe1 Kf7 36. b5 Bh6 37. bxc6 Bxc6 38. Bxf5 Bd2+ 39. Kf1 Kf6 40. Bc8 Bc3
41. Bxb7 Ra1 42. Rxa1 Bb5+ 43. Kg2 Bxa1 44. Bxd5 Kf5 45. Bb7 Kf4 46. c6 Bxc6 47. Bxc6
1-0

[Event "The Barroom Brawl"]
[Site "SchemingMind.com"]
[Date "2014.03.12"]
[Round "-"]
[White "kenneth m day"]
[Black "SAMAEL"]
[Result "1-0"]
[WhiteCountry "USA"]
[BlackCountry "CAN"]
[WhiteElo "1757"]
[WhiteRD "49"]
[BlackElo "1720"]
[BlackRD "55"]
[GameID "349133"]

1. e4 e5 2. Nf3 d6 3. d4 exd4 4. Nxd4 Nf6 5. Nc3 Bd7 6. Be2 Be7 7. O-O O-O 8. f4 h6 9. Be3 Nc6 10. Qd2 Nh7
11. Rf3 Nxd4 12. Qxd4 Bf6 13. e5 Be7 14. Rg3 Kh8 15. Ne4 Bf5 16. exd6 Bf6 17. Nxf6 Nxf6 18. c4 Qxd6 19. Qc3 Ne4 20. Qxg7#
1-0

[Event "The Barroom Brawl"]
[Site "SchemingMind.com"]
[Date "2014.03.12"]
[Round "-"]
[White "SAMAEL"]
[Black "kenneth m day"]
[Result "1-0"]
[WhiteCountry "CAN"]
[BlackCountry "USA"]
[WhiteElo "1801"]
[WhiteRD "58"]
[BlackElo "1754"]
[BlackRD "50"]
[GameID "349134"]

1. c4 g6 2. d4 Bg7 3. Nc3 d6 4. e3 Nf6 5. Nf3 O-O 6. Be2 c5 7. O-O Nc6 8. d5 Nb4 9. a3 Na6 10. h3 e6
11. e4 exd5 12. exd5 Re8 13. Re1 Nc7 14. Be3 Bd7 15. Qd2 a6 16. Bf4 Bf5 17. Bd3 Bxd3 18. Qxd3 Qd7 19. Rxe8+ Rxe8 20. Re1 b5
21. Rxe8+ Ncxe8 22. cxb5 axb5 23. Qxb5 Qxb5 24. Nxb5 Nxd5 25. Bxd6 Nxd6 26. Nxd6 Bxb2 27. Nc4 Nc3 28. Nxb2 f5 29. Kf1 Nd5 30. g3 Nc3
31. Ne5 Kg7 32. a4 Kf6 33. Ned3 c4 34. Nc5 Ke5 35. a5 Kd6 36. a6 Nb5 37. Nba4 c3 38. Ke2 Kc6 39. Kd3 h6 40. Nxc3 Na7
41. Kc4 Kb6 42. Nd5+ Kc6 43. Ne7+
1-0

[Event "The Barroom Brawl"]
[Site "SchemingMind.com"]
[Date "2014.03.12"]
[Round "-"]
[White "SAMAEL"]
[Black "Simon Green"]
[Result "1-0"]
[WhiteCountry "CAN"]
[BlackCountry "ENG"]
[WhiteElo "1752"]
[WhiteRD "56"]
[BlackElo "1583"]
[BlackRD "58"]
[GameID "349137"]

1. d4 e6 2. Nf3 d5 3. e3 Nf6 4. c4 Bb4+ 5. Bd2 Bxd2+ 6. Nbxd2 c6 7. Be2 O-O 8. O-O Nbd7 9. a3 b6 10. b4 Ba6
11. Rc1 Rc8 12. h3 Ne4 13. Nxe4 dxe4 14. Nd2 f5 15. a4 Qe7 16. Qb3 Nf6 17. b5 Bb7 18. f4 c5 19. Qa3 Nd7 20. Nb3 Rc7
21. Rfd1 Nf6 22. dxc5 bxc5 23. a5 Nd7 24. a6 Bc8 25. Rd2 Nb6 26. Na5 Bd7 27. Rcd1 Rf7 28. Nb7 Rf6 29. g3 e5 30. Kf2 exf4
31. gxf4 Rg6 32. Rh1 Qh4+ 33. Kf1 Rg3 34. Qc3 Rxh3 35. Rxh3 Qxh3+ 36. Ke1 Qh4+ 37. Kd1 Qe7 38. Kc1 Qh4 39. Kc2 Qe1 40. Bd1 h6
41. Na5 Be6 42. Rd8+ Kf7 43. Qxe1 Nxc4 44. Nxc4 Bxc4 45. Qc3 Bd3+ 46. Kb2 c4 47. Bc2 Bxc2 48. Kxc2 g5 49. Qe5
1-0

[Event "The Barroom Brawl"]
[Site "SchemingMind.com"]
[Date "2014.03.12"]
[Round "-"]
[White "Simon Green"]
[Black "SAMAEL"]
[Result "1/2-1/2"]
[WhiteCountry "ENG"]
[BlackCountry "CAN"]
[WhiteElo "1583"]
[WhiteRD "58"]
[BlackElo "1752"]
[BlackRD "56"]
[GameID "349138"]

1. d4 d5 2. e3 e6 3. Bd3 Nf6 4. f4 c5 5. c3 Nc6 6. Nf3 Be7 7. O-O O-O 8. Nbd2 h6 9. Qe1 Bd7 10. Ne5 a6
11. h3 Be8 12. Ndf3 Rc8 13. b3 b5 14. Bd2 c4 15. Bc2 Nd7 16. b4 Ndxe5 17. fxe5 Bd7 18. e4 Re8 19. exd5 exd5 20. Qg3 Kh8
21. Nh2 Bh4 22. Qf3 Be6 23. Bf5 Bg5 24. Bxg5 Qxg5 25. Bxe6 fxe6 26. Qe2 Kg8 27. Rf3 Rf8 28. Raf1 Rxf3 29. Qxf3 Qe7 30. Ng4 Rf8
31. Qxf8+ Qxf8 32. Rxf8+ Kxf8 33. Kf2 Kf7 34. Kf3 h5 35. Ne3 g5 36. g4 h4 37. a3 Ne7 38. Ng2 Ng6 39. Ke3=
1/2-1/2

[Event "The Barroom Brawl"]
[Site "SchemingMind.com"]
[Date "2014.03.12"]
[Round "-"]
[White "SAMAEL"]
[Black "Chessibelle"]
[Result "1-0"]
[WhiteCountry "CAN"]
[BlackCountry "ENG"]
[WhiteElo "1759"]
[WhiteRD "59"]
[BlackElo "1182"]
[BlackRD "57"]
[GameID "349139"]

1. Nf3 Nc6 2. Nc3 e5 3. d3 Be7 4. e4 Nf6 5. Be2 d6 6. O-O Qd7 7. h3 Qe6 8. a3 Nh5 9. Nxe5 Qxe5 10. Bxh5 g6
11. Be2 Be6 12. Kh1 d5 13. f4 Qf6 14. exd5 Bd7 15. dxc6 Bxc6 16. Bf3 Bd7 17. Re1 c6 18. Ne4 Qh4 19. Kh2 Qh6 20. Qe2 Bh4
21. Nf6+ Kd8 22. Qe7+ Kc7 23. Qxd7+ Kb6 24. Re7 Bxf6 25. Qxb7+
1-0

[Event "The Barroom Brawl"]
[Site "SchemingMind.com"]
[Date "2014.03.12"]
[Round "-"]
[White "Chessibelle"]
[Black "SAMAEL"]
[Result "0-1"]
[WhiteCountry "ENG"]
[BlackCountry "CAN"]
[WhiteElo "1179"]
[WhiteRD "56"]
[BlackElo "1720"]
[BlackRD "55"]
[GameID "349140"]

1. Nf3 Nf6 2. d4 e6 3. Nc3 d5 4. e3 c5 5. Bb5+ Bd7 6. Bd3 Be7 7. e4 dxe4 8. Nxe4 Nxe4 9. Bxe4 Nc6 10. O-O O-O
11. Qd3 f5 12. Bxc6 Bxc6 13. Ne5 cxd4 14. Qg3 Bd6 15. Bh6 Bxe5 16. f4 Bf6 17. Rae1 Kh8 18. Qh3 gxh6 19. Qxh6 Qd5 20. Qh3 Rg8
21. Kf2 Qxg2+ 22. Qxg2 Rxg2#
0-1

[Event "The Barroom Brawl"]
[Site "SchemingMind.com"]
[Date "2014.03.12"]
[Round "-"]
[White "SAMAEL"]
[Black "Sully7"]
[Result "0-1"]
[WhiteCountry "CAN"]
[BlackCountry "IRL"]
[WhiteElo "1720"]
[WhiteRD "55"]
[BlackElo "2163"]
[BlackRD "61"]
[GameID "349141"]

1. Nf3 b6 2. e4 Bb7 3. d3 e6 4. Nc3 Nf6 5. Be2 d5 6. exd5 Nxd5 7. Bd2 c5 8. O-O Nc6 9. h3 Be7 10. Re1 O-O
11. Nh2 Nd4 12. Nf3 Nb4 13. Nxd4 cxd4 14. Ne4 Rc8 15. c4 Bxe4 16. dxe4 d3 17. Bxb4 Bxb4 18. Qxd3 Bxe1 19. Rxe1 Qxd3 20. Bxd3 Rfd8
21. Bf1 Rd2 22. Rb1 Rcd8 23. a4 Rd1 24. Rxd1 Rxd1 25. b4 Ra1 26. b5 Rxa4 27. f3 e5 28. Kf2 Ra1 29. Be2 Rc1 30. h4 f6
31. g4 Kf7 32. h5 Ke6 33. Ke3 Kd6 34. Kd2 Ra1 35. Kc3 Kc5 36. Kd3 Ra3+ 37. Kd2 Kd4
0-1

[Event "The Barroom Brawl"]
[Site "SchemingMind.com"]
[Date "2014.03.12"]
[Round "-"]
[White "Sully7"]
[Black "SAMAEL"]
[Result "1-0"]
[WhiteCountry "IRL"]
[BlackCountry "CAN"]
[WhiteElo "2163"]
[WhiteRD "61"]
[BlackElo "1720"]
[BlackRD "55"]
[GameID "349142"]

1. e4 e5 2. Nf3 d6 3. d4 exd4 4. Nxd4 Nf6 5. Nc3 Bd7 6. Be2 Be7 7. b3 Nc6 8. Bb2 O-O 9. O-O a6 10. Nxc6 Bxc6
11. Qd4 Re8 12. Nd5 Bxd5 13. exd5 Bf8 14. Bd3 Qd7 15. Qh4 Be7 16. Bxf6 Bxf6 17. Qxh7+ Kf8 18. Rae1 g6 19. Bxg6 Bg7 20. Re3 Re7
21. Bf5 Qe8 22. Rg3 f6 23. Be6
1-0

[Event "The Barroom Brawl"]
[Site "SchemingMind.com"]
[Date "2014.03.11"]
[Round "-"]
[White "Derek Price"]
[Black "Stephen Woodhouse"]
[Result "1-0"]
[WhiteCountry "ENG"]
[BlackCountry "ENG"]
[WhiteElo "2338"]
[WhiteRD "79"]
[BlackElo "1901"]
[BlackRD "84"]
[GameID "349243"]

1. d4 e6 2. c4 f5 3. g3 Nf6 4. Bg2 d5 5. Nh3 c6 6. Qc2 Bd6 7. O-O O-O 8. Nd2 Nbd7 9. Nf3 Ne4 10. Nf4 Bxf4
11. Bxf4 Qe8 12. Nd2 g5 13. Nxe4 gxf4 14. Nd6 Qe7 15. c5 fxg3 16. hxg3 Nf6 17. Qc3 Ne4 18. Bxe4 fxe4 19. f3 exf3 20. Rxf3 Rxf3
21. exf3 b6 22. Re1 Bd7 23. Kg2 Rf8 24. Re5 Qf6 25. f4 Kh8 26. b4 Rg8 27. Qf3 bxc5 28. bxc5 Rb8 29. Qh5 Rb2+ 30. Kf3 Rxa2
31. Nf7+ Kg8 32. Rg5+ Kf8 33. Ne5 Ra3+ 34. Kg4
1-0

[Event "The Barroom Brawl"]
[Site "SchemingMind.com"]
[Date "2014.03.11"]
[Round "-"]
[White "Stephen Woodhouse"]
[Black "Derek Price"]
[Result "0-1"]
[WhiteCountry "ENG"]
[BlackCountry "ENG"]
[WhiteElo "1901"]
[WhiteRD "84"]
[BlackElo "2338"]
[BlackRD "79"]
[GameID "349244"]

1. e4 c5 2. c3 Nf6 3. e5 Nd5 4. d4 cxd4 5. Nf3 Nc6 6. cxd4 d6 7. Bc4 Nb6 8. Bb5 Bd7 9. O-O e6 10. Nc3 d5
11. Bg5 Be7 12. Bxe7 Qxe7 13. Rc1 a6 14. Bxc6 Bxc6 15. b3 O-O 16. Qd2 Qb4 17. Nb1 Qxd2 18. Nbxd2 Bb5 19. Rfe1 Rac8 20. g3 Rxc1
21. Rxc1 Rc8 22. Rxc8+ Nxc8 23. a4 Be2 24. Ne1 Ne7 25. f4 Bd1 26. Kf2 Nc6 27. Ke3 Na5 28. b4 Nc6 29. b5 Ne7 30. bxa6 bxa6
31. a5 Kf8 32. Nd3 Nf5+ 33. Kf2 Nxd4 34. Nb4 Ke7 35. Nxa6 Nc6 36. Ke3 Nxa5 37. Nc5 f6 38. Nd3 Nc6 39. Nf2 Bc2 40. exf6+ gxf6
41. Nf3 Bg6 42. g4 e5 43. fxe5 fxe5 44. h4 Kf6 45. Nh1 d4+ 46. Kd2 e4 47. Ng5 e3+ 48. Ke2 Ne5 49. Nf3 Bd3+
0-1

[Event "The Barroom Brawl"]
[Site "SchemingMind.com"]
[Date "2014.03.10"]
[Round "-"]
[White "Phillip Beckett"]
[Black "Stephen Woodhouse"]
[Result "0-1"]
[WhiteCountry "ENG"]
[BlackCountry "ENG"]
[WhiteElo "1517"]
[WhiteRD "50"]
[BlackElo "1901"]
[BlackRD "84"]
[GameID "349245"]

1. e4 e6 2. d4 d5 3. Nd2 c5 4. exd5 Qxd5 5. dxc5 Bxc5 6. Ngf3 Nc6 7. Bc4 Qd6 8. O-O Nf6 9. Nb3 Qxd1 10. Rxd1 Bb6
11. Bg5 Bd7 12. Bb5 O-O-O 13. Bxc6 Bxc6 14. Ne5 Be8 15. Rxd8+ Bxd8 16. Rd1 h6 17. Be3 b6 18. Nd4 Nd5 19. Ndc6 Bxc6 20. Nxc6 Nxe3
21. fxe3 a5 22. Rxd8+ Rxd8 23. Nxd8 Kxd8 24. Kf2 Kd7 25. Kf3 Kd6 26. Ke4 f5+ 27. Kd4 e5+ 28. Kc4 g5 29. b4 axb4 30. Kxb4 f4
31. exf4 exf4 32. c4 g4 33. Kc3 Ke5 34. a4 h5 35. c5 bxc5 36. a5 Kd5 37. a6 Kc6 38. Kc4 Kb6 39. a7 Kxa7 40. Kxc5 f3
41. gxf3 gxf3
0-1

[Event "The Barroom Brawl"]
[Site "SchemingMind.com"]
[Date "2014.03.10"]
[Round "-"]
[White "Stephen Woodhouse"]
[Black "Phillip Beckett"]
[Result "1-0"]
[WhiteCountry "ENG"]
[BlackCountry "ENG"]
[WhiteElo "1901"]
[WhiteRD "84"]
[BlackElo "1517"]
[BlackRD "50"]
[GameID "349246"]

1. e4 e5 2. Nf3 Nc6 3. d4 exd4 4. Nxd4 Bc5 5. Be3 Qf6 6. c3 Nge7 7. Bc4 Nxd4 8. Bxd4 Bxd4 9. Qxd4 Qxd4 10. cxd4 d6
11. Nc3 Nc6 12. O-O-O Bd7 13. Rhe1 O-O 14. e5 dxe5 15. dxe5 Bf5 16. f3 Rad8 17. g4 Bg6 18. f4 h5 19. f5 Bh7 20. e6 fxe6
21. fxe6 Rxd1+ 22. Kxd1 Re8 23. Nd5 Ne7 24. Kc1 Nxd5 25. Bxd5 hxg4 26. e7+ Kh8 27. Bf7
1-0

[Event "The Barroom Brawl"]
[Site "SchemingMind.com"]
[Date "2014.03.10"]
[Round "-"]
[White "kenneth m day"]
[Black "Stephen Woodhouse"]
[Result "0-1"]
[WhiteCountry "USA"]
[BlackCountry "ENG"]
[WhiteElo "1769"]
[WhiteRD "48"]
[BlackElo "1863"]
[BlackRD "64"]
[GameID "349247"]

1. e4 e6 2. d4 d5 3. Nd2 c5 4. Ngf3 cxd4 5. Nxd4 dxe4 6. Nxe4 Be7 7. Be3 Nf6 8. Bd3 O-O 9. O-O Bd7 10. c4 Nc6
11. Rc1 Rc8 12. Re1 Nxd4 13. Bxd4 Bc6 14. Bc3 Nxe4 15. Bxe4 Qxd1 16. Rcxd1 Bxe4 17. Rxe4 Rfd8 18. Red4 Rxd4 19. Rxd4 Kf8 20. b3 Bf6
21. Rd3 Bxc3 22. Rxc3 Rd8 23. g3 Ke7 24. Kg2= Rd2 25. a4 e5 26. Kf1 Kd6 27. Ke1 Rd4 28. Ke2 Kc5 29. Rd3 Rxd3 30. Kxd3 f5
31. Kc3 a5 32. f3 g6 33. h3 e4 34. fxe4 fxe4 35. g4 g5
0-1

[Event "The Barroom Brawl"]
[Site "SchemingMind.com"]
[Date "2014.03.10"]
[Round "-"]
[White "Stephen Woodhouse"]
[Black "kenneth m day"]
[Result "1-0"]
[WhiteCountry "ENG"]
[BlackCountry "USA"]
[WhiteElo "1872"]
[WhiteRD "50"]
[BlackElo "1757"]
[BlackRD "49"]
[GameID "349248"]

1. e4 e5 2. Nf3 Nc6 3. d4 exd4 4. Nxd4 Bc5 5. Be3 Qf6 6. c3 Nge7 7. Bc4 O-O 8. O-O d6 9. Nxc6 Nxc6 10. Bxc5 dxc5
11. Nd2 Ne5 12. Be2 Be6 13. Nf3 Rad8 14. Qc2 Rd7 15. Nxe5 Qxe5 16. Rad1 Rfd8 17. f4 Qf6 18. e5 Qe7 19. a3 Rxd1 20. Rxd1 Rxd1+
21. Qxd1 h6 22. g3 Qd7= 23. Qxd7 Bxd7 24. Bf3 c6 25. Kf2 Be6 26. Ke3 Bd5 27. h4 Kf8 28. f5 Ke7 29. Kf4 b6 30. g4 a5
31. g5 hxg5+ 32. hxg5 b5 33. f6+ gxf6 34. exf6+ Kf8 35. Bh5 Be6 36. Ke5 Bd5 37. g6 b4 38. Kd6 bxa3 39. bxa3 c4 40. g7+ Kg8
41. Bg4
1-0

[Event "The Barroom Brawl"]
[Site "SchemingMind.com"]
[Date "2014.03.15"]
[Round "-"]
[White "Stephen Woodhouse"]
[Black "kubinet"]
[Result "1-0"]
[WhiteCountry "ENG"]
[BlackCountry "GER"]
[WhiteElo "1863"]
[WhiteRD "64"]
[BlackElo "1188"]
[BlackRD "45"]
[GameID "349250"]

1. e4 c5 2. c3 d5 3. exd5 Qxd5 4. d4 Nf6 5. Nf3 Bg4 6. Be2 e6 7. O-O Nc6 8. h3 Bh5 9. Be3 cxd4 10. Nxd4 Bxe2
11. Qxe2 Be7 12. Nd2
1-0

[Event "The Barroom Brawl"]
[Site "SchemingMind.com"]
[Date "2014.03.15"]
[Round "-"]
[White "SAMAEL"]
[Black "Stephen Woodhouse"]
[Result "0-1"]
[WhiteCountry "CAN"]
[BlackCountry "ENG"]
[WhiteElo "1720"]
[WhiteRD "55"]
[BlackElo "1872"]
[BlackRD "50"]
[GameID "349251"]

1. Nf3 e6 2. Nc3 f5 3. e3 Nf6 4. d4 b6 5. Be2 Bb7 6. O-O Be7 7. Bd2 O-O 8. h3 Ne4 9. a3 Bf6 10. Rb1 d6
11. Nh2 Nd7 12. Nxe4 Bxe4 13. Bf3 Bxf3 14. Nxf3 e5 15. c3 Qe7 16. Qe2 e4 17. Ne1 d5 18. b4 Rac8 19. Bc1 c5 20. g3 c4
21. a4 a6 22. Bd2 b5 23. a5 Kh8 24. Ng2 g5 25. Kh2 Rg8 26. Rh1 Nf8 27. Kg1 Ne6 28. Kf1 Rcf8 29. Ke1 f4 30. exf4 gxf4
31. Nxf4 Nxf4 32. Bxf4 Bg5 33. Be3 Bxe3 34. Qxe3 Rf3 35. Qc1 Qf6 36. Rb2 Rf8 37. Qd2 e3
0-1

[Event "The Barroom Brawl"]
[Site "SchemingMind.com"]
[Date "2014.03.15"]
[Round "-"]
[White "Stephen Woodhouse"]
[Black "SAMAEL"]
[Result "1-0"]
[WhiteCountry "ENG"]
[BlackCountry "CAN"]
[WhiteElo "1872"]
[WhiteRD "50"]
[BlackElo "1720"]
[BlackRD "55"]
[GameID "349252"]

1. e4 e5 2. Nf3 d6 3. d4 exd4 4. Nxd4 Nf6 5. Nc3 Bd7 6. Bg5 Be7 7. Bd3 O-O 8. O-O h6 9. Bh4 Nc6 10. Nxc6 Bxc6
11. Qe2 a6 12. Rae1 Nh7 13. Bxe7 Qxe7 14. Nd5 Bxd5 15. exd5 Qxe2 16. Bxh7+ Kxh7 17. Rxe2 Rfe8 18. Rfe1 Rxe2 19. Rxe2 Kg8 20. f4 Kf8
21. g4 Re8 22. Kf2 Rxe2+ 23. Kxe2 Ke7 24. Ke3 Kf6 25. h4 g5 26. fxg5+ hxg5 27. h5 Ke5 28. Kf3 f5 29. gxf5 Kxf5 30. Kg3 c6
31. c4 c5 32. a3 b5 33. b3 g4 34. h6
1-0

[Event "The Barroom Brawl"]
[Site "SchemingMind.com"]
[Date "2014.03.12"]
[Round "-"]
[White "Simon Green"]
[Black "Stephen Woodhouse"]
[Result "0-1"]
[WhiteCountry "ENG"]
[BlackCountry "ENG"]
[WhiteElo "1602"]
[WhiteRD "54"]
[BlackElo "1901"]
[BlackRD "84"]
[GameID "349253"]

1. d4 e6 2. e3 f5 3. Bd3 Nf6 4. f4 b6 5. Nf3 Bb7 6. O-O Be7 7. c3 O-O 8. Qe1 Ne4 9. Nbd2 d6 10. Bc2 Nd7
11. Nxe4 Bxe4 12. Bxe4 fxe4 13. Nd2 d5 14. c4 c5 15. b3 Qe8 16. Bb2 Qh5 17. Qg3 Rf6 18. dxc5 Rg6 19. Qf2 Nxc5 20. Nb1 Nd3
21. Qd2 Nxb2 22. Qxb2 Bf6 23. Nc3 Qh3 24. g3 h5 25. Qd2 h4 26. Rac1 hxg3 27. Kh1 g2+
0-1

[Event "The Barroom Brawl"]
[Site "SchemingMind.com"]
[Date "2014.03.12"]
[Round "-"]
[White "Stephen Woodhouse"]
[Black "Simon Green"]
[Result "1-0"]
[WhiteCountry "ENG"]
[BlackCountry "ENG"]
[WhiteElo "1901"]
[WhiteRD "84"]
[BlackElo "1602"]
[BlackRD "54"]
[GameID "349254"]

1. e4 e6 2. d4 d5 3. Nd2 Nf6 4. e5 Nfd7 5. Bd3 c5 6. c3 c4 7. Bc2 Be7 8. Ne2 b5 9. a3 Nc6 10. O-O f5
11. exf6 Nxf6 12. Nf3 h6 13. Nf4 O-O 14. Ng6 Rf7 15. Nxe7+ Nxe7 16. Ne5 Rf8 17. Be3 Bb7 18. Qd2 Nf5 19. Rae1 Ne4 20. Bxe4 dxe4
21. g4 Nh4 22. g5 Rf5 23. Kh1 Rxe5 24. dxe5 Nf3 25. Qxd8+ Rxd8 26. Rd1 Rxd1 27. Rxd1 Bd5 28. gxh6 gxh6 29. Bxh6 Nxe5 30. Be3 a6
31. Kg2 Kg7 32. Kg3 Kg6 33. Kf4 Nf3 34. h3 Kh5 35. h4 Nh2 36. Rxd5+ exd5 37. Ke5 Ng4+ 38. Kxd5 Nxe3+ 39. fxe3 Kxh4 40. Kxe4 Kg5
41. Ke5 Kg6 42. Ke6
1-0

[Event "The Barroom Brawl"]
[Site "SchemingMind.com"]
[Date "2014.03.10"]
[Round "-"]
[White "Chessibelle"]
[Black "Stephen Woodhouse"]
[Result "0-1"]
[WhiteCountry "ENG"]
[BlackCountry "ENG"]
[WhiteElo "1189"]
[WhiteRD "58"]
[BlackElo "1901"]
[BlackRD "84"]
[GameID "349255"]

1. Nf3 e6 2. d4 f5 3. e3 Nf6 4. Nc3 b6 5. Bd3 Bb7 6. O-O Be7 7. a3 O-O 8. b4 Ne4 9. Bb2 d6 10. Qe2 Nd7
11. Bb5 a6 12. Bd3 Ndf6 13. Bc4 d5 14. Bb3 a5 15. Ng5 Nxg5 16. f4 Nge4 17. Nd1 Ba6 18. b5 Bc8 19. a4 Qe8 20. Nf2 Bd7
21. c3 Qh5 22. g4 Nxg4 23. Rfd1 Qxh2+
0-1

[Event "The Barroom Brawl"]
[Site "SchemingMind.com"]
[Date "2014.03.10"]
[Round "-"]
[White "Stephen Woodhouse"]
[Black "Chessibelle"]
[Result "1-0"]
[WhiteCountry "ENG"]
[BlackCountry "ENG"]
[WhiteElo "1901"]
[WhiteRD "84"]
[BlackElo "1189"]
[BlackRD "58"]
[GameID "349256"]

1. e4 e5 2. Nf3 Nc6 3. d4 d6 4. dxe5 Bg4 5. exd6 Bxd6 6. Bb5 Bd7 7. O-O Nf6 8. Bxc6 Bxc6 9. e5 Nd5 10. exd6 Qxd6
11. Re1+ Kd7 12. Ne5+ Kc8 13. Nxf7 Qf8 14. Nxh8 Qxh8 15. Nc3 Kd7 16. Nxd5 Qg8 17. Nb6#
1-0

[Event "The Barroom Brawl"]
[Site "SchemingMind.com"]
[Date "2014.03.12"]
[Round "-"]
[White "Sully7"]
[Black "Stephen Woodhouse"]
[Result "1-0"]
[WhiteCountry "IRL"]
[BlackCountry "ENG"]
[WhiteElo "2084"]
[WhiteRD "64"]
[BlackElo "1901"]
[BlackRD "84"]
[GameID "349257"]

1. e4 e6 2. Nc3 d5 3. d4 Nf6 4. Bg5 Bb4 5. e5 h6 6. Bh4 g5 7. Bg3 Ne4 8. Ne2 c5 9. a3 Bxc3+ 10. Nxc3 Nxc3
11. bxc3 Qa5 12. Qd2 Nc6 13. h4 Rg8 14. hxg5 hxg5 15. Rh7 cxd4 16. cxd4 Qxd2+ 17. Kxd2 Nxd4 18. Rb1 b6 19. Rb4 Nc6 20. Rg4 Bd7
21. Bh4 Nxe5 22. Rxg5 Ng6 23. Rxg6 fxg6 24. Re7+ Kd8 25. Bb5 Bxb5 26. Rxa7+ Ke8 27. Rxa8+ Kf7 28. Ra7+ Ke8 29. Re7+ Kf8 30. Bg5 Rh8
31. Rxe6 Rh2 32. Rxg6 Kf7 33. Rxb6 Bc4 34. Rf6+ Kg7 35. g4 Rg2 36. Rf4 Rg1 37. Bf6+ Kg6 38. a4 Rh1 39. a5 Rb1 40. f3 Rb4
41. Bc3 Ra4 42. Rf5 Ra2 43. f4 Bb3 44. Bd4 Bxc2 45. Rf6+ Kh7 46. a6 Bf5+ 47. Kc3 Bxg4 48. a7 Bc8 49. Rf8
1-0

[Event "The Barroom Brawl"]
[Site "SchemingMind.com"]
[Date "2014.03.11"]
[Round "-"]
[White "Derek Price"]
[Black "The Stonewall"]
[Result "1/2-1/2"]
[WhiteCountry "ENG"]
[BlackCountry "ENG"]
[WhiteElo "2338"]
[WhiteRD "79"]
[BlackElo "2421"]
[BlackRD "86"]
[GameID "349259"]

1. d4 d5 2. c4 dxc4 3. Nf3 a6 4. e3 b5 5. a4 Bb7 6. b3 cxb3 7. axb5 axb5 8. Rxa8 Bxa8 9. Bxb5+ Nd7 10. O-O c6
11. Ba4 e6 12. Qxb3 Ngf6 13. Nbd2 Be7 14. Ba3 Bxa3 15. Qxa3 Qe7 16. Qxe7+ Kxe7 17. Rc1 Rb8 18. h3 Rb6 19. Kh2 Ra6 20. Bd1 Ra2
21. Bb3 Ra7 22. Bc2 h6 23. Bd3 Ra3 24. Be2=
1/2-1/2

[Event "The Barroom Brawl"]
[Site "SchemingMind.com"]
[Date "2014.03.11"]
[Round "-"]
[White "The Stonewall"]
[Black "Derek Price"]
[Result "1/2-1/2"]
[WhiteCountry "ENG"]
[BlackCountry "ENG"]
[WhiteElo "2421"]
[WhiteRD "86"]
[BlackElo "2338"]
[BlackRD "79"]
[GameID "349260"]

1. e4 c5 2. Nf3 a6 3. Nc3 d6 4. g3 Nc6 5. Bg2 Nf6 6. d4 cxd4 7. Nxd4 Bd7 8. Nde2 e6 9. O-O Be7 10. h3 b5
11. Be3 Rc8 12. f4 O-O 13. a3 Qc7 14. g4 h6 15. Qd2 Na5 16. b3 Bc6 17. f5 Bb7 18. Rad1 Kh7 19. fxe6 fxe6 20. Qd3 Kg8
21. Bf4 Ne8 22. Bd2 Rxf1+=
1/2-1/2

[Event "The Barroom Brawl"]
[Site "SchemingMind.com"]
[Date "2014.03.11"]
[Round "-"]
[White "The Stonewall"]
[Black "Phillip Beckett"]
[Result "1-0"]
[WhiteCountry "ENG"]
[BlackCountry "ENG"]
[WhiteElo "2421"]
[WhiteRD "86"]
[BlackElo "1517"]
[BlackRD "50"]
[GameID "349261"]

1. d4 d5 2. c4 e6 3. Nf3 Nf6 4. g3 Be7 5. Bg2 c6 6. O-O O-O 7. Nc3 Nbd7 8. Qd3 dxc4 9. Qxc4 Nb6 10. Qd3 Nbd5
11. e4 Nxc3 12. bxc3 Bd7 13. Rb1 b6 14. c4 c5 15. e5 Ne8 16. Ng5 Bxg5 17. Bxg5 f6 18. exf6 Nxf6 19. Bxa8 Qxa8 20. Bxf6 Rxf6
21. dxc5 Bc6 22. cxb6 axb6 23. Rxb6 Bg2 24. Rfb1 Rf8 25. Qd6 Bh3 26. Qxf8+ Kxf8 27. Rb8+ Qxb8 28. Rxb8+ Kf7 29. c5
1-0